01338nab a2200349 a 450000100060000000300080000600500170001400600190003100700150005000800410006502200140010603500210012004000260014105000230016708000100019008200120020010000270021222200500023924501430028926000690043230000160050131000140051736200250053153301640055665000270072065000250074765000570077265000460082965500320087571000190090785600620092632862FlNmELB20241216220757.0m o d | cr cn|||||||||201201r1998 mx |||||s|||||||||||spa d a1405-6666 a(OCoLC)955380803 aFlNmELBbspacFlNmELB 4aLB1501bM3791 1998 a373.304a3722221 aMartin, Christopher J. 0aRevista Mexicana de Investigación Educativa14aLas relaciones conflictivas en la escuela primaria en el contexto de la reforma educativah[recurso electronico] /cChristopher J. Martin. aMéxico :bCentro Mexicano de Investigación Educativa,c1998. a273-299 pp. aSemestral0 aVol. 3, No. 6(1998)- aRecurso electrónico. Santa Fe, Arg.: e-libro, 2015. Disponible vía World Wide Web. El acceso puede estar limitado para las bibliotecas afiliadas a e-libro. 4aEducación.xGeneral. 4aEducation.xGeneral. 4aArtes y disciplinas del lenguaje.xAlfabetización. 4aLanguage Arts and Disciplines.xLiteracy. 4aArtículos electrónicos.2 ae-libro, Corp.40uhttps://elibro.net/ereader/politecnicointernacional/93353